000 00341 a2200157 4500
001 194539
020 _a85-10-01894-4
040 _cMagnum
100 _aConceil Corrêa da Silva
240 1 0 _aMirradinho
_lpor
245 1 0 _aMirradinho
300 _a26
362 0 _a1995
697 _aLÍNGUA - LINGÜÍSTICA - LITERATURA
942 _cBK
999 _c194539
_d194539